Cambodia investment guidebook.
| Format: | Book |
|---|---|
| Published: |
Phnom Penh:
Council for the Development of Cambodia,
2012.
|
| Subjects: |
| LEADER | 00522cam a2200157 7i4500 | ||
|---|---|---|---|
| 001 | 0000030500 | ||
| 005 | 20131128090000.0 | ||
| 090 | 0 | 0 | |a CAMB 332.6 |b CAM |
| 245 | 0 | 0 | |a Cambodia investment guidebook. |
| 260 | 0 | 0 | |a Phnom Penh: |b Council for the Development of Cambodia, |c 2012. |
| 300 | # | # | |a [v.p]. |
| 650 | 0 | 0 | |a Investment -- |z Cambodia |
| 650 | 0 | 0 | |a Investment guide -- |z Cambodia |
| 651 | 0 | 0 | |a Cambodia |
| 999 | |a 0000032315 |b Book |c Countries |e Business Information Centre | ||
| 999 | |a 0000032314 |b Book |c Countries |e Business Information Centre | ||